[Event "DEN-ch Landsholdsklassen 2021"]
[Site "Svendborg"]
[Date "2021.10.21"]
[Round "6.5"]
[White "Borge, Nikolaj"]
[Black "Rewitz, Poul"]
[Result "1-0"]
[WhiteElo "2381"]
[BlackElo "2264"]
[Annotator "ChessBase"]
[PlyCount "217"]
[EventDate "2021.10.16"]
[EventType "tourn"]
[EventCountry "DEN"]
[SourceTitle "playchess.com"]
[Source "ChessBase"]
[SourceQuality "1"]
[TimeControl "40/5400+30:1800+30"]

1. e4 {[%emt 0:01:09]} c6 {[%emt 0:00:12]} 2. d4 {[%emt 0:00:05]} d5 {[%emt 0:00:05]} 3. e5 {[%emt 0:00:04]} Bf5 {[%emt 0:00:14]} 4. Nf3 {[%emt 0:00:28]} e6 {[%emt 0:00:15]} 5. Be2 {[%emt 0:00:06]} Ne7 {[%emt 0:00:43]} 6. O-O {[%emt 0:01:10]} Bg6 {[%emt 0:00:24]} 7. a4 {[%emt 0:04:40]} Nf5 {[%emt 0:02:30]} 8. a5 {[%emt 0:02:35]} Be7 {[%emt 0:00:51]} 9. h3 {[%emt 0:00:58]} O-O {[%emt 0:00:41]} 10. c4 {[%emt 0:06:40]} dxc4 {[%emt 0:05:25]} 11. Bxc4 {[%emt 0:00:56]} Na6 {[%emt 0:03:55]} 12. Nc3 {[%emt 0:01:54]} Nb4 {[%emt 0:02:29]} 13. Ne2 {[%emt 0:07:49]} c5 {[%emt 0:06:27]} 14. dxc5 {[%emt 0:01:18]} Bxc5 {[%emt 0:08:57]} 15. Qb3 {[%emt 0:11:04]} Nh4 {[%emt 0:02:24]} 16. Ne1 {[%emt 0:11:34]} Rc8 {[%emt 0:09:53]} 17. Ra4 {[%emt 0:18:31]} Nc6 {[%emt 0:06:10]} 18. Qc3 {[%emt 0:02:29]} Qd1 {[%emt 0:09:12]} 19. Qb3 {[%emt 0:12:01]} Qd8 {[%emt 0:04:41]} 20. a6 {[%emt 0:01:08]} b6 {[%emt 0:01:41]} 21. Bb5 {[%emt 0:01:23]} Nxe5 {[%emt 0:03:43]} 22. Qg3 {[%emt 0:02:17]} Be7 {[%emt 0:03:48]} 23. Rd4 {[%emt 0:02:01]} Qc7 {[%emt 0:12:46]} 24. Rxh4 {[%emt 0:00:21]} Bxh4 {[%emt 0:00:28]} 25. Qxh4 {[%emt 0:00:02]} Rfd8 {[%emt 0:03:09]} 26. Nc3 {[%emt 0:00:35]} h6 {[%emt 0:01:02]} 27. Qg3 {[%emt 0:01:04]} Nc4 {[%emt 0:04:04]} 28. Qxc7 {[%emt 0:01:31]} Rxc7 {[%emt 0:00:06]} 29. Nf3 {[%emt 0:00:43]} Rc5 {[%emt 0:01:43]} 30. Re1 {[%emt 0:02:06]} Na3 {[%emt 0:02:13]} 31. bxa3 {[%emt 0:01:21]} Rxc3 {[%emt 0:00:07]} 32. a4 {[%emt 0:03:01]} Rd5 {[%emt 0:01:18]} 33. Bf4 {[%emt 0:00:31]} Bd3 {[%emt 0:01:03]} 34. Be5 {[%emt 0:01:08]} Ra3 {[%emt 0:00:54]} 35. Rd1 {[%emt 0:02:05]} Bc2 {[%emt 0:01:01]} 36. Rxd5 {[%emt 0:00:52]} exd5 {[%emt 0:00:12]} 37. Bb8 {[%emt 0:00:23]} Ra1+ {[%emt 0:00:32]} 38. Kh2 {[%emt 0:00:05]} Bxa4 {[%emt 0:00:09]} 39. Bd3 {[%emt 0:00:33]} Bb3 {[%emt 0:00:53]} 40. Bxa7 {[%emt 0:01:16]} Bc4 {[%emt 0:00:28]} 41. Bxc4 {[%emt 0:00:55]} dxc4 {[%emt 0:03:18]} 42. Bxb6 {[%emt 0:00:04]} Rxa6 {[%emt 0:11:29]} 43. Be3 {[%emt 0:01:43]} c3 {[%emt 0:02:06]} 44. Nd4 {[%emt 0:00:56]} Rd6 {[%emt 0:01:49]} 45. Kg3 {[%emt 0:01:14]} Rd5 {[%emt 0:04:32]} 46. Kf4 {[%emt 0:02:35]} f6 {[%emt 0:06:40]} 47. Ke4 {[%emt 0:00:29]} Rd8 {[%emt 0:00:41]} 48. Kd3 {[%emt 0:00:15]} Rc8 {[%emt 0:00:09]} 49. Ne2 {[%emt 0:00:19]} c2 {[%emt 0:00:24]} 50. Nc3 {[%emt 0:00:13]} Rd8+ {[%emt 0:00:16]} 51. Kxc2 {[%emt 0:00:06]} Kf7 {[%emt 0:00:21]} 52. Nb5 {[%emt 0:00:14]} Ra8 {[%emt 0:00:48]} 53. Kd3 {[%emt 0:01:05]} h5 {[%emt 0:01:00]} 54. Ke4 {[%emt 0:00:32]} g6 {[%emt 0:00:33]} 55. h4 {[%emt 0:02:50]} Ra1 {[%emt 0:01:13]} 56. Bd4 {[%emt 0:00:59]} Rb1 {[%emt 0:00:50]} 57. Nd6+ {[%emt 0:00:59]} Ke6 {[%emt 0:00:29]} 58. Ne8 {[%emt 0:03:39]} Re1+ {[%emt 0:00:36]} 59. Kd3 {[%emt 0:02:08]} Rd1+ {[%emt 0:01:15]} 60. Ke3 {[%emt 0:03:07]} f5 {[%emt 0:00:48]} 61. Nc7+ {[%emt 0:00:28]} Kf7 {[%emt 0:00:28]} 62. Nb5 {[%emt 0:00:39]} Re1+ {[%emt 0:00:27]} 63. Kf3 {[%emt 0:02:21]} Rb1 {[%emt 0:00:30]} 64. Nc3 {[%emt 0:00:26]} Rb4 {[%emt 0:00:40]} 65. Ne2 {[%emt 0:00:24]} Ra4 {[%emt 0:00:18]} 66. g3 {[%emt 0:00:41]} Ra2 {[%emt 0:00:21]} 67. Nf4 {[%emt 0:00:44]} Ra3+ {[%emt 0:00:09]} 68. Ke2 {[%emt 0:00:23]} Rb3 {[%emt 0:00:22]} 69. Nd3 {[%emt 0:00:29]} Rb1 {[%emt 0:01:26]} 70. Ne5+ {[%emt 0:01:18]} Kg7 {[%emt 0:00:16]} 71. Kf3 {[%emt 0:00:52]} Kh7 {[%emt 0:00:27]} 72. Nd7 {[%emt 0:01:32]} Rb4 {[%emt 0:00:44]} 73. Ke3 {[%emt 0:00:50]} Ra4 {[%emt 0:00:16]} 74. Kd3 {[%emt 0:01:17]} Kh6 {[%emt 0:00:21]} 75. Nf6 {[%emt 0:00:32]} Ra2 {[%emt 0:00:35]} 76. Kc4 {[%emt 0:00:39]} Ra5 {[%emt 0:00:11]} 77. Kb4 {[%emt 0:00:47]} Ra2 {[%emt 0:00:26]} 78. Kc5 {[%emt 0:00:11]} Ra4 {[%emt 0:00:46]} 79. Ng8+ {[%emt 0:02:12]} Kh7 {[%emt 0:00:07]} 80. Ne7 {[%emt 0:00:09]} Ra6 {[%emt 0:01:11]} 81. Kd5 {[%emt 0:00:21]} Kh6 {[%emt 0:00:21]} 82. Ng8+ {[%emt 0:02:01]} Kh7 {[%emt 0:00:07]} 83. Nf6+ {[%emt 0:00:08]} Kh6 {[%emt 0:00:17]} 84. Ne8 {[%emt 0:00:05]} Kh7 {[%emt 0:00:33]} 85. Nd6 {[%emt 0:00:42]} Ra4 {[%emt 0:00:14]} 86. Be3 {[%emt 0:01:28]} Kg7 {[%emt 0:00:23]} 87. Ke6 {[%emt 0:00:05]} Ra6 {[%emt 0:00:28]} 88. Bf4 {[%emt 0:00:45]} Ra2 {[%emt 0:00:08]} 89. Be5+ {[%emt 0:00:53]} Kh7 {[%emt 0:00:13]} 90. f3 {[%emt 0:01:55]} Ra3 {[%emt 0:00:13]} 91. Nf7 {[%emt 0:01:19]} Ra6+ {[%emt 0:00:15]} 92. Ke7 {[%emt 0:00:23]} Ra7+ {[%emt 0:00:14]} 93. Kf6 {[%emt 0:00:12]} Ra6+ {[%emt 0:00:27]} 94. Kg5 {[%emt 0:00:26]} Ra3 {[%emt 0:00:26]} 95. Nh8 {[%emt 0:02:34]} Rxf3 {[%emt 0:01:28]} 96. Nxg6 {[%emt 0:00:28]} Re3 {[%emt 0:01:44]} 97. Bf4 {[%emt 0:00:43]} Ra3 {[%emt 0:00:23]} 98. Kxh5 {[%emt 0:00:17]} Ra8 {[%emt 0:01:42]} 99. Kg5 {[%emt 0:00:18]} Ra5 {[%emt 0:00:41]} 100. Ne7 {[%emt 0:00:19]} Rb5 {[%emt 0:00:21]} 101. Nxf5 {[%emt 0:00:24]} Ra5 {[%emt 0:00:05]} 102. g4 {[%emt 0:00:11]} Rb5 {[%emt 0:00:05]} 103. Bd6 {[%emt 0:00:14]} Ra5 {[%emt 0:00:15]} 104. Kf6 {[%emt 0:00:04]} Kg8 {[%emt 0:00:47]} 105. g5 {[%emt 0:00:09]} Ra1 {[%emt 0:00:54]} 106. h5 {[%emt 0:00:43]} Rh1 {[%emt 0:00:35]} 107. Kg6 {[%emt 0:00:22]} Re1 {[%emt 0:00:20]} 108. Nh6+ {[%emt 0:00:20]} Kh8 {[%emt 0:00:28]} 109. Be5+ {[%emt 0:00:07]} 1-0

[Event "DEN-ch Landsholdsklassen 2021"]
[Site "Svendborg"]
[Date "2021.10.22"]
[Round "7.1"]
[White "Thybo, Jesper Sondergaard"]
[Black "Hansen, Sune Berg"]
[Result "1/2-1/2"]
[WhiteElo "2602"]
[BlackElo "2528"]
[Annotator "TA"]
[PlyCount "93"]
[EventDate "2021.10.16"]
[EventType "tourn"]
[EventCountry "DEN"]
[SourceTitle "playchess.com"]
[Source "ChessBase"]
[SourceQuality "1"]

{[%evp 13,93,39,33,35,37,0,13,0,-7,-4,32,0,41,41,41,38,56,51,58,50,31,29,35,33,38,36,51,10,60,0,52,7,29,31,31,41,39,39,108,115,110,108,110,108,102,110,100,112,110,102,111,108,97,90,89,87,79,64,66,43,47,39,34,15,15,15,15,19,16,10,44,44,44,44,51,13,13,13,13,17,19,20]} 1. d4 f5 2. g3 Nf6 3. Bg2 g6 4. Nd2 Bg7 5. e4 fxe4 6. Nxe4 Nxe4 7. Bxe4 d5 8. Bg2 {A81: Dutch Defence: 2 g3.} Nc6 9. c3 e5 {[%cal Re5d4]} 10. dxe5 Nxe5 11. f4 Ng4 (11... Bg4 {feels hotter.} 12. Ne2 Nc6 13. h3 Be6 14. Qb3 O-O) 12. Qxd5 {[#]} Qxd5 $146 (12... Qe7+ {looks sharper.} 13. Ne2 Be6 14. Qxb7 O-O 15. Qc6 Bf5) ({Predecessor:} 12... Qe7+ 13. Qe4 Qxe4+ 14. Bxe4 O-O 15. Ne2 Re8 16. Bf3 Bf5 17. h3 Nf6 18. Kf2 Rad8 {0-1 (58) Gerusel,M-Besser,H Helmbrechts 1963}) 13. Bxd5 c6 14. Bf3 O-O 15. h3 Re8+ 16. Ne2 Nf6 {[%cal Bg4f6,Bf6d5,Bd5b6,Bb6c4][%mdl 32]} 17. g4 Be6 18. Kf2 a5 19. Be3 Nd5 20. Bd2 a4 21. Rhe1 ({Better is} 21. Rad1 $14) 21... Bf7 (21... Nb6 $11) 22. h4 Rad8 {Strongly threatening ...Nb4!} 23. Rad1 Nb6 24. Be3 Nc4 {White must now prevent ...Rxd1.} 25. Bc1 a3 {[#]} (25... Bf6 $14) 26. b3 $1 $16 {[%cal Rb3c4]} Nb2 27. Rxd8 Rxd8 28. Bxb2 axb2 {[#]} 29. Rb1 $1 Bf6 30. g5 ({Don't play} 30. Rxb2 Bxh4+ 31. Kg2 Kg7 $14) 30... Be7 31. Rxb2 Bc5+ 32. Kg2 Rd3 33. b4 Be3 34. b5 cxb5 35. Rxb5 b6 36. a4 Rd2 37. Kg3 Bc5 $1 38. Nd4 Bc4 39. Rb1 Rd3 40. Rd1 {Rxd3 is the strong threat.} Rxc3 {Hoping for ...Bxd4.} 41. Nc6 {Threatening Rd8+.} Rd3 42. Ne5 Rxd1 43. Bxd1 Be6 44. h5 gxh5 {The position is equal.} 45. Bxh5 Kg7 46. Be8 h6 47. gxh6+ {Weighted Error Value: White=0.09/Black=0.09} 1/2-1/2

[Event "DEN-ch Landsholdsklassen 2021"]
[Site "Svendborg"]
[Date "2021.10.22"]
[Round "7.2"]
[White "Schandorff, Lars"]
[Black "Antonsen, Mikkel"]
[Result "1-0"]
[WhiteElo "2458"]
[BlackElo "2409"]
[Annotator "TA"]
[PlyCount "125"]
[EventDate "2021.10.16"]
[EventType "tourn"]
[EventCountry "DEN"]
[SourceTitle "playchess.com"]
[Source "ChessBase"]
[SourceQuality "1"]

{[%evp 9,125,-2,17,2,4,-2,0,-14,-2,-12,0,-15,11,16,22,19,46,38,57,28,74,77,112,66,58,65,68,73,75,50,58,50,58,0,62,69,83,76,100,87,117,103,102,98,110,103,128,120,110,79,68,53,60,35,22,36,22,0,0,0,3,-4,-10,-8,0,0,26,22,22,21,54,46,67,62,72,65,66,27,27,27,25,25,28,18,40,32,37,28,36,28,28,35,87,83,87,30,30,30,30,30,30,30,30,30,30,30,30,30,80,35,318,310,1551,1255,29976,29977,29975,11758]} 1. d4 Nf6 2. Nf3 d5 3. Bf4 e6 4. e3 c5 5. c3 Bd6 6. Nbd2 {D02: 1 d4 d5 2 Nf3 sidelines, including 2...Nf6 3 g3 and 2...Nf6 3 Bf4.} O-O 7. Bg3 Qc7 8. dxc5 {The position is equal.} Qxc5 9. Bd3 Nbd7 10. Qe2 e5 {[#] Hoping for ...e4.} 11. e4 dxe4 12. Bxe4 Re8 13. O-O-O {[#]} Bf8 $146 ({Predecessor:} 13... Rb8 14. Qd3 Bf8 15. Rhe1 b5 16. Nb3 Qc7 17. Kb1 a5 18. Ng5 g6 19. Bd5 Nxd5 20. Qxd5 {1-0 (26) Mezentsev,I (2354)-Salinas Herrera,P (2514) Chess.com INT 2020}) 14. Bc2 a5 15. Rhe1 Ra6 16. Qc4 (16. Bxe5 $6 Rae6 $11) 16... e4 17. Nd4 Qxc4 18. Nxc4 {aiming for Nb5.} Nc5 19. Nb5 {And now Nc7 would win.} Be6 $1 {[%cal Re6c4]} 20. Ncd6 Rd8 21. a4 (21. Bxe4 Nfxe4 22. Nxe4 Nd3+ 23. Rxd3 (23. Kb1 Bc4 $17) 23... Rxd3 $15) (21. Nxe4 Rxd1+ 22. Kxd1 Nfxe4 $15) ({White should try} 21. Kb1 $14) 21... Rb6 (21... Nd3+ $11 22. Bxd3 exd3) 22. h3 Rd7 23. Be5 (23. Bxe4 Nfxe4 24. Nxe4 Rxd1+ 25. Kxd1 Nxa4 $17) (23. Nxe4 Rxd1+ 24. Kxd1 Nfxe4 $17) 23... Ba2 24. Rd4 ({Not} 24. Nxe4 Rxd1+ 25. Kxd1 Nfxe4 $17) (24. Bxe4 Nfxe4 25. Nxe4 Rxd1+ 26. Kxd1 Nxa4 $19) 24... Rc6 25. Red1 Nb3+ 26. Bxb3 Bxb3 27. R1d2 Re7 28. Bxf6 gxf6 29. Nf5 Re5 30. g4 {Strongly threatening Rd8.} Be6 $1 {[%cal Re6f5]} 31. Rd8 {White wants to mate with Rxf8+!} Bxf5 32. gxf5 Kg7 $1 33. Nd4 {Threatens to win with f4.} Rc7 34. Kd1 Be7 35. Rb8 (35. Ra8 {looks sharper.} b6 36. Re8 Bc5 37. Rb8 Kh6 38. Ke2) 35... Bc5 36. Ke2 Kh6 37. Rd8 Be7 {White must now prevent ...e3.} 38. Rg8 Bc5 $1 39. Rg4 Bxd4 40. Rxd4 $11 {[%mdl 4096] Endgame KRR-KRR} Rce7 41. Ke3 {[%cal Rg4e4]} Rxf5 42. Rdxe4 Re6 43. Rgf4 Rxf4 44. Kxf4 {KR-KR} Rb6 $1 45. Re2 Kh5 46. Kg3 Kg5 47. Rd2 f5 48. h4+ Kg6 49. f3 Kf6 50. Kf4 Rc6 (50... Kg6 $14) 51. Rd4 $16 h6 52. Rd7 (52. Ke3 $16) 52... Rc4+ $11 53. Kg3 Rxa4 54. Rxb7 h5 55. Rb6+ Kg7 56. b4 axb4 57. cxb4 Ra3 58. Kf4 Rb3 59. b5 Rb4+ $2 {[%mdl 8192] [#] Loses the game.} ({Better is} 59... f6 $1 $14) 60. Kg5 $1 $18 ({And not} 60. Kxf5 Rxh4 61. Kg5 Rh1 $11) 60... f6+ $2 (60... Rb3 61. f4 (61. Kxf5 Rxf3+ 62. Kg5 Rc3 $16) 61... Rg3+ 62. Kxf5 Rg4) 61. Kxh5 Rf4 62. Rb7+ Kf8 63. b6 {Weighted Error Value: White=0.09/Black=0.29} 1-0

[Event "DEN-ch Landsholdsklassen 2021"]
[Site "Svendborg"]
[Date "2021.10.22"]
[Round "7.3"]
[White "Chatalbashev, Boris"]
[Black "Rasmussen, Allan Stig"]
[Result "1/2-1/2"]
[WhiteElo "2536"]
[BlackElo "2566"]
[Annotator "TA"]
[PlyCount "23"]
[EventDate "2021.10.16"]
[EventType "tourn"]
[EventCountry "DEN"]
[SourceTitle "playchess.com"]
[Source "ChessBase"]
[SourceQuality "1"]

{[%evp 9,23,18,18,20,26,18,22,25,26,0,0,0,12,0,0,0]} 1. Nf3 f5 2. d3 d6 3. e4 e5 4. Nc3 Nc6 5. exf5 Nge7 6. Nh4 {A04: Unusual lines after 1 Nf3 and King's Indian Attack.} Nxf5 7. Qh5+ g6 8. Nxg6 Ng7 {[#]} 9. Qh6 $146 ({Predecessor:} 9. Qh4 Qxh4 10. Nxh4 Nd4 11. Kd1 Be7 12. Nf3 Bg4 13. h3 Bxf3+ 14. gxf3 Bh4 15. f4 exf4 16. Bxf4 O-O 17. Bh6 Rae8 18. Rg1 Re1+ 19. Kxe1 Bxf2+ {½-½ (26) Liang,A (2573)-Krishna,C (2421) Sitges 2017}) 9... Nf5 {The position is equal.} 10. Qh5 {[#] Threatening mate with Nxe5+.} Ng7 11. Qh6 Nf5 12. Qh5 {An uneventful encounter.  Weighted Error Value: White=0.06/Black=0.00} 1/2-1/2

[Event "DEN-ch Landsholdsklassen 2021"]
[Site "Svendborg"]
[Date "2021.10.22"]
[Round "7.4"]
[White "Haubro, Martin"]
[Black "Borge, Nikolaj"]
[Result "1-0"]
[WhiteElo "2426"]
[BlackElo "2381"]
[Annotator "TA"]
[PlyCount "79"]
[EventDate "2021.10.16"]
[EventType "tourn"]
[EventCountry "DEN"]
[SourceTitle "playchess.com"]
[Source "ChessBase"]
[SourceQuality "1"]

{[%evp 22,79,32,6,62,78,113,116,116,110,135,142,134,135,221,187,466,464,441,442,615,445,447,443,441,447,447,438,441,315,433,413,402,409,326,341,527,520,510,525,655,697,655,695,686,677,654,653,29986,29987,29987,29988,29988,29989,29989,29990,29995,29996,29996,29997]} 1. e4 c5 2. Nf3 Nc6 3. d4 cxd4 4. Nxd4 Nf6 5. Nc3 e6 6. Nxc6 bxc6 7. e5 Nd5 8. Ne4 Qc7 9. f4 Qb6 10. c4 Bb4+ {The main line 10...Bb4+ scores better than 10...Ne3.} 11. Ke2 f5 12. Nf2 (12. exf6 {feels hotter.} Nxf6 13. Be3 Qd8 14. Nd6+ Bxd6 15. Qxd6 c5 16. Kd1) 12... Ne7 {B45: Sicilian Four Knights.} ({Better is} 12... Ba6 $11) 13. Nd3 $14 {[#] aiming for Be3.} Bc5 14. Nxc5 Qxc5 {White is better.} 15. b3 Bb7 16. Be3 Qa3 17. Kf2 {[#]} g5 $146 (17... Rc8 $16 {was called for.} 18. Be2 g5) ({Predecessor:} 17... c5 18. Be2 g5 19. Qd6 Nc8 20. Qc7 Bc6 21. Bh5+ Ke7 22. Rad1 Rd8 23. Rd2 a5 24. Rhd1 Ra7 25. Qxc6 dxc6 26. Rxd8 {1-0 (26) Drozdov,I-Milov,L Zhitomir 1986}) 18. Qd6 (18. fxg5 f4 $14) 18... Qb2+ (18... Qxd6 19. exd6 gxf4) 19. Be2 $18 gxf4 20. Bd4 Qc2 21. Rhc1 Qd2 22. Rd1 Qa5 23. Bc5 {[%csl Gc5][%cal Rd6e7] [#]} Qd8 24. Rd3 Bc8 25. Kg1 Ng6 26. Bh5 Kf7 27. Rh3 Kg7 28. Rf1 Qg5 (28... a5 $142 29. g3 a4) 29. Bxg6 Kxg6 30. Qd2 h5 31. Rxf4 h4 32. Bf2 d6 33. Qe3 dxe5 34. Qxe5 Rd8 {intending ...Rd1+.} 35. Bxh4 {White mates.} Rd1+ 36. Rf1 Rxf1+ 37. Kxf1 Qc1+ 38. Be1 Qc2 39. Rg3+ Kf7 40. Qc7+ {[%mdl 64] Double Attack. Black did not feel at home in the position after the opening.  Weighted Error Value: White=0.13/Black=0.61} 1-0

[Event "DEN-ch Landsholdsklassen 2021"]
[Site "Svendborg"]
[Date "2021.10.22"]
[Round "7.5"]
[White "Rewitz, Poul"]
[Black "Fries-Nielsen, Jens Ove"]
[Result "1/2-1/2"]
[WhiteElo "2264"]
[BlackElo "2378"]
[Annotator "TA"]
[PlyCount "22"]
[EventDate "2021.10.16"]
[EventType "tourn"]
[EventCountry "DEN"]
[SourceTitle "playchess.com"]
[Source "ChessBase"]
[SourceQuality "1"]

{[%evp 9,22,46,39,43,41,34,43,37,41,0,33,0,52,0,41]} 1. e4 g6 2. d4 Bg7 3. Nc3 Nc6 4. Be3 d5 5. exd5 Nb4 6. Nf3 {B06: Modern Defence.} Nf6 7. Bb5+ Bd7 {[#]} 8. Bc4 $146 {Strongly threatening a3.} ({Predecessor:} 8. Qe2 Nbxd5 9. Nxd5 Nxd5 10. O-O O-O 11. Bd2 Bxb5 12. Qxb5 Nb6 13. Rad1 Re8 14. Rfe1 c6 15. Qe2 a5 16. Bf4 a4 17. c4 e6 18. Be5 {½-½ (18) Wegerle,J (2435)-Mihok,O (2446) Wunsiedel 2013}) 8... Bf5 9. Bb5+ Bd7 10. Bc4 {Black must now prevent a3.} Bf5 11. Bb5+ Bd7 {Weighted Error Value: White=0.19/Black=0.01} 1/2-1/2

[Event "DEN-ch Landsholdsklassen 2021"]
[Site "Svendborg"]
[Date "2021.10.23"]
[Round "8.1"]
[White "Borge, Nikolaj"]
[Black "Thybo, Jesper Sondergaard"]
[Result "1-0"]
[WhiteElo "2381"]
[BlackElo "2602"]
[Annotator "TA"]
[PlyCount "63"]
[EventDate "2021.10.16"]
[EventType "tourn"]
[EventCountry "DEN"]
[SourceTitle "playchess.com"]
[Source "ChessBase"]
[SourceQuality "1"]

{[%evp 9,63,0,0,0,8,0,0,0,0,0,0,0,0,-29,-46,-25,0,0,20,20,56,60,245,212,195,213,237,244,319,235,230,162,157,101,135,86,132,121,126,104,291,295,270,281,308,312,300,216,392,380,710,694,727,717,689,671]} 1. e4 c6 2. d4 d5 3. e5 c5 4. dxc5 e6 5. a3 Bxc5 6. Qg4 {B12: Caro-Kann: Advance Variation.} Ne7 7. Qxg7 Rg8 8. Qxh7 {[#] The position is equal.} Qb6 $146 ({Predecessor:} 8... Nbc6 9. f4 Qb6 10. Nf3 Bd7 11. Nc3 a6 12. Nd1 a5 13. h3 Rg3 14. Qh8+ Rg8 15. Qh7 Rg3 16. Qh8+ Rg8 17. Qh7 Rg3 18. Qh8+ {½-½ (18) Tadic,S (2257)-Predojevic,B (2601) Ruma 2020}) 9. Nh3 Nbc6 10. f4 Bd7 11. Qd3 {Threatening b4.} Nf5 12. Nc3 O-O-O 13. Qb5 Qxb5 14. Nxb5 f6 15. exf6 d4 $2 (15... a6 $14) 16. b4 Bf8 17. c3 dxc3 18. Nxc3 e5 19. Kf2 Nh6 20. Bc4 Ng4+ 21. Kf1 ({White should try} 21. Kg3 Rg6 22. Bd3 Rxf6 23. Ne4) 21... Rg6 $16 22. f7 Bg7 {With the idea ...e4.} 23. Ne4 {[%cal Bc3e4,Be4g3,Bg3f5][%mdl 32]} Bf5 {[#] And now ...Rd1+ would win.} 24. Ng3 Rd1+ $2 (24... Bc2 $16 25. Be2 Nh6) 25. Ke2 $18 Rxh1 26. Nxf5 (26. Nxh1 Nd4+ 27. Kd1 Rc6 $15) 26... Bf8 27. Bb2 Rxh2 28. Rg1 Nf6 $2 (28... Nh6 {was called for.}) 29. Nh4 Rh6 (29... Rg3 30. Be6+ Kd8 31. Bxe5 Ne4) 30. Nf3 {[%mdl 64] [#] Double Attack. White is clearly winning.} R2xh3 31. gxh3 e4 32. Ne5 {Weighted Error Value: White=0.18/Black=0.38} 1-0

[Event "DEN-ch Landsholdsklassen 2021"]
[Site "Svendborg"]
[Date "2021.10.23"]
[Round "8.2"]
[White "Hansen, Sune Berg"]
[Black "Chatalbashev, Boris"]
[Result "1-0"]
[WhiteElo "2528"]
[BlackElo "2536"]
[Annotator "ChessBase"]
[PlyCount "79"]
[EventDate "2021.10.16"]
[EventType "tourn"]
[EventCountry "DEN"]
[SourceTitle "playchess.com"]
[Source "ChessBase"]
[SourceQuality "1"]
[TimeControl "40/5400+30:1800+30"]

1. e4 {[%emt 0:00:19]} g6 {[%emt 0:00:06]} 2. d4 {[%emt 0:00:28]} Bg7 {[%emt 0:00:06]} 3. Nf3 {[%emt 0:00:23]} d6 {[%emt 0:00:07]} 4. c4 {[%emt 0:00:07]} Nf6 {[%emt 0:00:34]} 5. Nc3 {[%emt 0:01:28]} O-O {[%emt 0:00:07]} 6. Be2 {[%emt 0:00:21]} e5 {[%emt 0:00:06]} 7. O-O {[%emt 0:01:26]} Na6 {[%emt 0:00:05]} 8. Re1 {[%emt 0:03:12]} Qe8 {[%emt 0:00:08]} 9. d5 {[%emt 0:11:06]} Nc5 {[%emt 0:00:29]} 10. Bf1 {[%emt 0:04:11]} a5 {[%emt 0:00:07]} 11. g3 {[%emt 0:02:17]} Bd7 {[%emt 0:04:49]} 12. Nh4 {[%emt 0:06:30]} Qe7 {[%emt 0:12:06]} 13. Bg5 {[%emt 0:02:58]} h6 {[%emt 0:00:24]} 14. Bd2 {[%emt 0:03:55]} Nh7 {[%emt 0:04:06]} 15. Qe2 {[%emt 0:05:48]} Ng5 {[%emt 0:02:43]} 16. Kh1 {[%emt 0:00:41]} Nh3 {[%emt 0:27:35]} 17. Be3 {[%emt 0:02:08]} Qf6 {[%emt 0:06:03]} 18. f3 {[%emt 0:10:23]} h5 {[%emt 0:02:46]} 19. Rad1 {[%emt 0:06:19]} Rae8 {[%emt 0:04:30]} 20. Nb5 {[%emt 0:07:15]} Qd8 {[%emt 0:03:30]} 21. Bxc5 {[%emt 0:03:57]} dxc5 {[%emt 0:00:05]} 22. d6 {[%emt 0:00:35]} Bxb5 {[%emt 0:02:13]} 23. cxb5 {[%emt 0:09:53]} Ng5 {[%emt 0:00:22]} 24. dxc7 {[%emt 0:02:49]} Qxc7 {[%emt 0:00:13]} 25. Ng2 {[%emt 0:00:27]} Ne6 {[%emt 0:00:59]} 26. Ne3 {[%emt 0:00:40]} Nd4 {[%emt 0:00:06]} 27. Qg2 {[%emt 0:00:23]} a4 {[%emt 0:04:45]} 28. Bc4 {[%emt 0:01:50]} Kh7 {[%emt 0:02:24]} 29. g4 {[%emt 0:00:34]} h4 {[%emt 0:07:07]} 30. g5 {[%emt 0:01:10]} Rh8 {[%emt 0:00:39]} 31. Qg4 {[%emt 0:03:54]} Kg8 {[%emt 0:00:39]} 32. Nd5 {[%emt 0:00:49]} Qd8 {[%emt 0:06:49]} 33. Rf1 {[%emt 0:01:15]} Rh5 {[%emt 0:03:40]} 34. f4 {[%emt 0:01:54]} Rf8 {[%emt 0:00:04]} 35. Rg1 {[%emt 0:00:52]} Kh7 {[%emt 0:04:47]} 36. f5 {[%emt 0:00:46]} Qc8 {[%emt 0:01:12]} 37. Rdf1 {[%emt 0:00:42]} Qd8 {[%emt 0:00:58]} 38. Nf6+ {[%emt 0:03:06]} Bxf6 {[%emt 0:00:02]} 39. gxf6 {[%emt 0:00:05]} Kh8 {[%emt 0:01:48]} 40. fxg6 {[%emt 0:00:36]} 1-0